The idea behind difference in differences.

Billy Jack explains how the difference-in-differences approach can be used to estimate the impact of a program by comparing changes in outcomes between a treatment group and a control group over time.

Bibliographic Details
Other Authors: Jack, Billy (academic.)
Format: Video
Language:English
Language Notes:Closed-captioned in English.
Published: [Washington, D.C.] : Georgetown University, 2020.
Series:Difference in differences ; 2.
Subjects:
Online Access:Connect to this streaming video

MARC

Tag First Indicator Second Indicator Subfields
LEADER 00000ngm a2200000Mi 4500
001 in00005509949
006 m o d
007 cr un|||||||||
007 vz |za|||
008 240321s2020 dcu008 f o vleng d
005 20241105202603.9
035 |a (OCoLC)on1428511965 
040 |a SGPBL  |b eng  |e rda  |e pn  |c SGPBL  |d OCLCO 
020 |a 9781529693034  |q Sage Research Methods Video: Quantitative and Mixed Methods 
020 |a 1529693039 
035 |a (OCoLC)1428511965 
041 0 |j eng 
050 4 |a BF76.6.L65  |b I34 2020 
082 0 4 |a 001.433 
049 |a TXAM 
245 0 4 |a The idea behind difference in differences. 
264 1 |a [Washington, D.C.] :  |b Georgetown University,  |c 2020. 
300 |a 1 online resource (1 video file (00:07:40)) :  |b sound, colour. 
336 |a two-dimensional moving image  |b tdi  |2 rdacontent 
337 |a computer  |b c  |2 rdamedia 
337 |a video  |b v  |2 rdamedia 
338 |a online resource  |b cr  |2 rdacarrier 
490 1 |a Difference in differences ;  |v 2 
511 0 |a Academic, Billy Jack. 
520 8 |a Billy Jack explains how the difference-in-differences approach can be used to estimate the impact of a program by comparing changes in outcomes between a treatment group and a control group over time. 
546 |a Closed-captioned in English. 
588 |a Description based on XML content. 
650 0 |a Longitudinal method. 
650 0 |a Experimental design. 
650 6 |a Méthode longitudinale. 
650 6 |a Plan d'expérience. 
700 1 |a Jack, Billy,  |e academic. 
830 0 |a Difference in differences ;  |v 2. 
856 4 0 |u http://proxy.library.tamu.edu/login?url=https://methods.sagepub.com/video/the-idea-behind-difference-in-differences  |z Connect to this streaming video  |t 0 
955 |a SAGE Research Methods Video Quantitative and Mixed Methods 
994 |a 92  |b TXA 
999 f f |s 1c6253aa-fad7-4f2b-befd-62edbcaeea1c  |i f9a4c82e-a6c6-4c30-ae8a-691422b65d94  |t 0 
952 f f |a Texas A&M University  |b College Station  |c Electronic Resources  |d Available Online  |t 0  |e BF76.6.L65 I34 2020  |h Library of Congress classification 
998 f f |a BF76.6.L65 I34 2020  |t 0  |l Available Online